Majstrovstvá Európy Inemkrems Rakúsko "mushing"

Bibliographic Details
Main Author: Keruľ, Ján (Author)
Format: Article
Language:Slovak
PhysicalDescription:Fotogr.
ISSN:1335-9282
Subjects:
Online Access:www.dogsk.sk

MARC

LEADER 00000nab a2200000 a 4500
001 vtls009301060
003 SK-MaSNL
005 20260303051849.0
008 080605c200805 xo r p 000 00slo
015 |a SNBRB2008/06SVKPO 
038 |a SVKPOCL 
040 |a SVKPOCL  |b slo  |c AACR2  |e AACR2 
041 |a slo 
044 |a xo  |c SK 
080 |a 636.7:798.8.093.1(4)  |2 2001 
080 |a 798.8.093.1(4)  |2 2001 
100 1 |a Keruľ, Ján  |4 aut  |9 1037673 
245 1 0 |a Majstrovstvá Európy Inemkrems Rakúsko  |b "mushing"  |c Ján Keruľ 
300 |a Fotogr. 
611 2 7 |a Majstrovstvá Európy psích záprahov  |d (2008 :  |c Inemkrems, Rakúsko)  |2 svkpocl  |9 1042106 
648 7 |a 7.-9. marec 2008  |2 snkbucl  |9 1042107 
650 0 7 |a športová kynológia  |2 svkpocl  |9 79322 
650 0 7 |a šport psích záprahov  |2 svkpocl  |9 51562 
650 0 7 |a musherské preteky  |2 svkpocl  |9 1042108 
651 7 |a Inemkrems (Rakúsko)  |2 svkpocl  |9 1042109 
773 0 |t Kynologická revue  |g Roč. XIX, č. 5 (2008), s. 38-39  |x 1335-9282 
852 |a SVKPO  |b KIS3GCP 
856 4 1 |u www.dogsk.sk 
958 |a AT 
999 |c 1713064  |d 1714994